000 00622nam a2200205Ia 4500
005 20260429111920.0
008 260429s9999||||xx |||||||||||||| ||und||
020 _a9788119671823
041 _aEnglish
082 _a512.94
_bBUR
100 _aBurnside, William Snow
245 0 _aTheory of equations :
_bwith an introduction to the theory of binary algebraic forms /
_cWilliam Snow Burnside
260 _aChennai :
_bNational Academic Press,
_c2025.
300 _axiv, 286 p.; hb
650 _a Algebra
650 _a Equation theory
650 _aMathematics
700 _a Panton, Arthur William
942 _cTB
999 _c51409
_d51409